Art as an invitation to life : (Record no. 535046)
[ view plain ]
| 000 -LEADER | |
|---|---|
| fixed length control field | 01619nam a2200313 a 4500 |
| 001 - CONTROL NUMBER | |
| control field | 1896412 |
| 003 - CONTROL NUMBER IDENTIFIER | |
| control field | AM-YEHGA |
| 005 - DATE AND TIME OF LATEST TRANSACTION | |
| control field | 20260403154227.0 |
| 008 - FIXED-LENGTH DATA ELEMENTS--GENERAL INFORMATION | |
| fixed length control field | 230406s2016 le aco||r|||||00||0|eng|d |
| 020 ## - INTERNATIONAL STANDARD BOOK NUMBER | |
| International Standard Book Number | 978-9953-475-01-1 |
| 040 ## - CATALOGING SOURCE | |
| Original cataloging agency | AM-YEHGA |
| 041 0# - LANGUAGE CODE | |
| Language code of text/sound track or separate title | eng |
| 245 00 - TITLE STATEMENT | |
| Title | Art as an invitation to life : |
| Remainder of title | On the occasion of its 20th anniversary Noah's Ark Art Gallery comes forward with twenty well-known artists / |
| Statement of responsibility, etc. | Elo Saradjian, Herag Hergelian (Editors) ; Mosses Zirani (Publisher) ; Agop Kanledjian, Avedis Sarajian (Photographers) ; Noah's Ark Art Gallery. |
| 246 14 - VARYING FORM OF TITLE | |
| Title proper/short title | Art as an invitation to life : |
| Remainder of title | Noah's Ark Art Gallery twenty years and beyond |
| 260 ## - PUBLICATION, DISTRIBUTION, ETC. | |
| Place of publication, distribution, etc. | [Beirut] : |
| Name of publisher, distributor, etc. | Noyan Tapan Edition, |
| Date of publication, distribution, etc. | 2016. |
| 300 ## - PHYSICAL DESCRIPTION | |
| Extent | 43, [5] p. : |
| Other physical details | ill., photos ; |
| Dimensions | 30 cm. |
| 500 ## - GENERAL NOTE | |
| General note | On the occasion of its 20th anniversary Noah's Ark Art Gallery comes forward with twenty well-known artists: Carzou, Jean Tarpinian, Guvder, Paul Guiragossian, Dikran Dadrian, Juliana Seraphim, Edik Pertian, Berdj Tchakedjian, Robert Elibekian, Assadour, Hrair, Ruben Abovian, Maroun Hakim, Yuroz, Suren Vosganian, Samuel Gareguinyan, Vahram, Gevorg Yeghyazaryan, Vahan Roumelian, David D. |
| 610 2# - SUBJECT ADDED ENTRY--CORPORATE NAME | |
| Corporate name or jurisdiction name as entry element | Noah's Ark Art Gallery |
| 650 14 - SUBJECT ADDED ENTRY--TOPICAL TERM | |
| Topical term or geographic name entry element | Painting, Armenian |
| Chronological subdivision | 20th century |
| 650 14 - SUBJECT ADDED ENTRY--TOPICAL TERM | |
| Topical term or geographic name entry element | Painting, Modern |
| 650 14 - SUBJECT ADDED ENTRY--TOPICAL TERM | |
| Topical term or geographic name entry element | Art, Armenian |
| Form subdivision | Exhibitions |
| -- | Catalogs |
| Geographic subdivision | Lebanon |
| 700 1# - ADDED ENTRY--PERSONAL NAME | |
| Personal name | Herkelian, Movses Zirani |
| Relationship | pbl |
| 700 1# - ADDED ENTRY--PERSONAL NAME | |
| Personal name | Saradjian, Elo |
| Relationship | edt |
| 700 1# - ADDED ENTRY--PERSONAL NAME | |
| Personal name | Hergelian, Herag |
| Relationship | edt |
| 700 1# - ADDED ENTRY--PERSONAL NAME | |
| Personal name | Sarajian, Avedis |
| Relationship | pht |
| 700 1# - ADDED ENTRY--PERSONAL NAME | |
| Personal name | Kanledjian, Agop |
| Relationship | pht |
| 710 2# - ADDED ENTRY--CORPORATE NAME | |
| Corporate name or jurisdiction name as entry element | Noah's Ark Art Gallery. |
| 942 ## - ADDED ENTRY ELEMENTS (KOHA) | |
| Source of classification or shelving scheme | Universal Decimal Classification |
| Koha item type | Գրքեր / Books |
| Withdrawn status | Lost status | Damaged status | Not for loan | Collection | Home library | Current library | Date acquired | Total checkouts | Full call number | Barcode | Date last seen | Price effective from | Koha item type | Public note | Source of classification or shelving scheme |
|---|---|---|---|---|---|---|---|---|---|---|---|---|---|---|---|
| General | Fundamental Scientific Library | Fundamental Scientific Library | 30/05/2025 | И III/22514 | FL0693647 | 30/05/2025 | 30/05/2025 | Գրքեր / Books | 30 Days Loan | ||||||
| General | Fundamental Scientific Library | Fundamental Scientific Library | 16/01/2026 | И III/22556 | FL0701339 | 16/01/2026 | 16/01/2026 | Գրքեր / Books | 30 Days Loan | Universal Decimal Classification | |||||
| General | Fundamental Scientific Library | Fundamental Scientific Library | 16/01/2026 | И III/22557 | FL0701340 | 16/01/2026 | 16/01/2026 | Գրքեր / Books | 30 Days Loan | Universal Decimal Classification |
ՀՀ Գիտությունների ազգային ակադեմիայի հիմնարար գիտական գրադարան = Fundamental Scientific Library of NAS RA
All site content, except where otherwise noted, is licensed under a